Jesus Christ Message to all Nations (Record no. 204561)

MARC details
000 -LEADER
fixed length control field 00585nam a22001937a 4500
005 - DATE AND TIME OF LATEST TRANSACTION
control field 20240726163948.0
010 ## - LCCN (DPL NO)
LC control number ENG-141048
020 ## - INTERNATIONAL STANDARD BOOK NUMBER
Terms of availability 920.00
020 ## - INTERNATIONAL STANDARD BOOK NUMBER
Terms of availability 920.00
International Standard Book Number 9781937271176
035 ## - SYSTEM CONTROL NUMBER
System control number EN-124580
037 ## - SOURCE OF ACQUISITION
Source of stock number/acquisition DBAD
082 ## - DEWEY DECIMAL CLASSIFICATION NUMBER
Classification number 289.33
100 ## - MAIN ENTRY--PERSONAL NAME
Personal name Christ, Jesus
245 ## - TITLE STATEMENT
Title Jesus Christ Message to all Nations
Statement of responsibility, etc Jesus Christ
260 ## - PUBLICATION, DISTRIBUTION, ETC. (IMPRINT)
Place of publication, distribution, etc Colorado City, Ariz.
Name of publisher, distributor, etc Fundamentalist Church of Jesus Christ of Latter Day Saints
Date of publication, distribution, etc 2012
270 ## - ADDRESS
City Colorado City, Ariz.
300 ## - PHYSICAL DESCRIPTION
Extent 968Pages
Dimensions 24cm(pbk)
942 ## - ADDED ENTRY ELEMENTS (KOHA)
Source of classification or shelving scheme Dewey Decimal Classification
Item type English Books
Classification part 289.33
Call number suffix CHR
Holdings
Withdrawn status Lost status Not for loan Collection code Home library Current library Date acquired Source of acquisition Cost, normal purchase price Full call number Barcode Copy number Cost, replacement price Koha item type
      Non-fiction Shahdara Branch Shahdara Branch 26/07/2024 DBAD 921.00 289.33 CHR EN-124580 1 921.00 English Books

© Delhi Public Library
Hit Counter
free hit counter